| 000 | 00344nam a22001457a 4500 | ||
|---|---|---|---|
| 003 | SGT | ||
| 020 | _a9780195697957 | ||
| 082 |
_a070 _bM09T |
||
| 100 | _aTHAKURTA, PARANJOY GUHA | ||
| 245 | _aMEDIA ETHICS: TRUTH, FAIRNESS & OBJECTIVITY | ||
| 260 |
_bOXFORD UNIVERSITY PRESS _c2009 |
||
| 300 | _a334 | ||
| 650 | _aJOURNALISM | ||
| 942 |
_2ddc _cBK |
||
| 999 |
_c28530 _d28530 |
||